000 00999nac a22002897a 4500
001 BR6001710
003 BR-BrBNA
005 20240105113014.0
008 230509b bl.|||m| |||| 00| 0 por d
040 _aBR-BrBNA
_bpor
_cBiblioteca Nacional de Agricultura
072 _aL00
090 _a6100 BR6001710
100 1 _aOliveira, E.B. de
110 1 _aMinisterio da Agricultura, Rio de Janeiro, GB (Brasil). Servico de Previsao de Safras
_96983
245 1 _aSafras. Ensaio sobre previsao de safras da avicultura industrial. Avicultura no Estado da Guanabara. Incubacao [Brasil]
260 3 _aRio de Janeiro, GB (Brasil):
_c1964.
300 _a5 p.
490 _aPublicacao - Ministerio da Agricultura. Servico de Previsao de Safras (Brazil)
_vno. 11
_x
650 _aGalinha
650 _aOvo
650 _aEstatistica de producao
650 _aAvicultura
650 _aIncubacao
650 _aGuanabara
909 _a202312
_bLúcia Elande
_c55
_dLúcia Elande
942 _2AGRIS
_n0
_cMS
999 _c261373
_d261373